The economic context, embeddedness and immigrant entrepreneurs. Vol. 8, No. 1/2 /

Bibliographic Details
Corporate Author: ProQuest (Firm)
Other Authors: Rath, Jan.
Format: Electronic eBook
Language:English
Published: Bradford, England : Emerald Group Publishing, c2002.
Series:International journal of entrepreneurial behaviour & research
Subjects:
Online Access:Click to View
LEADER 01235nam a2200325Ia 4500
001 EBC232190
003 MiAaPQ
005 20200520144314.0
006 m o d |
007 cr cn|||||||||
008 000815s2002 enk s 000 0 eng d
020 |z 0861767012 
035 |a (MiAaPQ)EBC232190 
035 |a (Au-PeEL)EBL232190 
035 |a (CaPaEBR)ebr10052718 
035 |a (CaONFJC)MIL47893 
035 |a (OCoLC)61391104 
040 |a MiAaPQ  |c MiAaPQ  |d MiAaPQ 
050 4 |a HB615  |b .E36 2002 
245 0 4 |a The economic context, embeddedness and immigrant entrepreneurs.  |n Vol. 8, No. 1/2 /  |h [electronic resource] /  |c guest editor, Jan Rath. 
260 |a Bradford, England :  |b Emerald Group Publishing,  |c c2002. 
300 |a 166 p. 
490 0 |a International journal of entrepreneurial behaviour & research 
533 |a Electronic reproduction. Ann Arbor, MI : ProQuest, 2015. Available via World Wide Web. Access may be limited to ProQuest affiliated libraries. 
650 0 |a Emigration and immigration. 
650 0 |a Entrepreneurship. 
655 4 |a Electronic books. 
700 1 |a Rath, Jan. 
710 2 |a ProQuest (Firm) 
856 4 0 |u https://ebookcentral.proquest.com/lib/matrademy/detail.action?docID=232190  |z Click to View